MARC

Tag First Indicator Second Indicator Subfields
LEADER 00000cas a2200000 a 4500
001 in00000086014
005 20151008064418.0
008 760324d19531966miuqx p 0uu1a0enge
010 |a  63063534  
019 |a 2258805 
022 |a 0024-8460 
035 |a (OCoLC)02066524 
035 |9 AAK4123AM 
040 |a DLC  |c KSU  |d UCU  |d NSD  |d COO  |d PIT  |d OCL  |d m.c.  |d NYG  |d TXA  |d UtOrBLW 
049 |a TXAE 
050 0 0 |a HF5001  |b .B884 
092 |a 330.5  |b M6182 
245 0 0 |a Business topics. 
264 1 |a [East Lansing, Mich.] :  |b Graduate School of Business Administration, Michigan State University,  |c 1953-1966. 
300 |a volumes :  |b illustrations ;  |c 23 cm. 
310 |a Five issues yearly 
336 |a text  |b txt  |2 rdacontent 
337 |a unmediated  |b n  |2 rdamedia 
338 |a volume  |b nc  |2 rdacarrier 
362 0 |a Vol. 1 (1953)-v. 14 (1966) 
500 |a Title from cover. 
550 |a Published 1953-1957 by the Bureau of Business Research, Michigan State College; 1957-1960 by the Bureau of Business and Economic Research, Michigan State University; spring 1960-1966 by the Graduate School of Business Administration, Michigan State University. 
650 0 |a Business  |v Periodicals. 
651 0 |a Michigan  |x Economic conditions  |x Periodicals. 
710 2 |a Michigan State University.  |b Bureau of Business and Economic Research. 
710 2 |a Michigan State University.  |b Graduate School of Business Administration. 
785 0 0 |t MSU business topics  |x 0024-8460  
999 |a MARS 
999 f f |s 94340e81-661e-3754-8ca1-0e2d03fb5bc8  |i 35bccebd-a18f-37fd-a98c-53460f551925  |t 0 
952 f f |p ric  |a Texas A&M University  |b Rellis Campus  |c Joint Library Facility  |d Remote Storage  |t 0  |e HF5001 .B884  |h Library of Congress classification  |i unmediated -- volume  |k v.12:no.1-4  |l 1964  |m A14842291792 
952 f f |p ric  |a Texas A&M University  |b Rellis Campus  |c Joint Library Facility  |d Remote Storage  |t 0  |e HF5001 .B884  |h Library of Congress classification  |i unmediated -- volume  |k v.13:no.1-4  |l 1965  |m A14842291784 
952 f f |p ric  |a Texas A&M University  |b Rellis Campus  |c Joint Library Facility  |d Remote Storage  |t 0  |e HF5001 .B884  |h Library of Congress classification  |i unmediated -- volume  |k v.14:no.1-4  |l 1966  |m A14842291776 
952 f f |p ric  |a Texas A&M University  |b Rellis Campus  |c Joint Library Facility  |d Remote Storage  |t 0  |e HF5001 .B884  |h Library of Congress classification  |i unmediated -- volume  |k v.11:no.1-4  |l 1963  |m A14842291800 
952 f f |p ric  |a Texas A&M University  |b Rellis Campus  |c Joint Library Facility  |d Remote Storage  |t 0  |e HF5001 .B884  |h Library of Congress classification  |i unmediated -- volume  |k v.8:no.1-4  |l 1960  |m A14842291586 
952 f f |p ric  |a Texas A&M University  |b Rellis Campus  |c Joint Library Facility  |d Remote Storage  |t 0  |e HF5001 .B884  |h Library of Congress classification  |i unmediated -- volume  |k v.9:no.1-4  |l 1961  |m A14842291578 
998 f f |a HF5001 .B884  |s v.8 (1960)-v.9 (1961),v.11 (1963)-v.14 (1966)  |t 0  |l Remote Storage